00526nam a22001817a 450000500170000001000150001702000260003203500130005803700130007108200150008410000150009924500630011425000120017726000310018927000830022030000220030350000190032520160808113012.0 aENG-115659 a9789351437093c895.00 aEN-99191 bDBAD/PUB a338.520954 aVasan,M.S. aTransfer pricing audit practices in India /cby M.S. Vasan a2nd ed. aGurgaonbLexis Nexisc2016 a14th Floor, Building No.10, Tower-B, DLF Cyber City, Phase-IIbGurgaone122002 axIv,635p.c24(Hb) aIncludes index